Environmental engineering (Record no. 5357)

000 -LEADER
fixed length control field 00678nam a2200241 4500
001 - CONTROL NUMBER
control field 5357
003 - CONTROL NUMBER IDENTIFIER
control field BD-DhUET
008 - FIXED-LENGTH DATA ELEMENTS--GENERAL INFORMATION
fixed length control field 141126b xxu||||| |||| 00| 0 eng d
020 ## - INTERNATIONAL STANDARD BOOK NUMBER
International Standard Book Number 0071002316
040 ## - CATALOGING SOURCE
Transcribing agency 0
Modifying agency BD-DhUET
082 ## - DEWEY DECIMAL CLASSIFICATION NUMBER
Classification number 628
Item number PEA/1985
100 ## - MAIN ENTRY--PERSONAL NAME
Personal name Peavy, Howard S
245 ## - TITLE STATEMENT
Title Environmental engineering
250 ## - EDITION STATEMENT
Edition statement 1st ed.
260 ## - PUBLICATION, DISTRIBUTION, ETC. (IMPRINT)
Place of publication, distribution, etc. New york
Name of publisher, distributor, etc. McGraw-Hill
Date of publication, distribution, etc. 1985
300 ## - PHYSICAL DESCRIPTION
Extent xiv,699 p.+various paging
Other physical details ill.
490 ## - SERIES STATEMENT
Series statement McGraw-Hill series in water resources and environmental engineering
504 ## - BIBLIOGRAPHY, ETC. NOTE
Bibliography, etc Includes bibliographies
650 #0 - SUBJECT ADDED ENTRY--TOPICAL TERM
Topical term or geographic name as entry element Environmental engineering
700 ## - ADDED ENTRY--PERSONAL NAME
Personal name Rowe, Donald R.
700 ## - ADDED ENTRY--PERSONAL NAME
Personal name Tchobanoglous, George
942 ## - ADDED ENTRY ELEMENTS (KOHA)
Koha item type General Book
Holdings
Not for loan Source of classification or shelving scheme Price effective from Lost status Damaged status Koha full call number Shelving location Koha date last borrowed Koha normalized classification for sorting Withdrawn status Copy number Koha renewals Koha issues (times borrowed) Koha date last seen Location (home branch) Date acquired Piece designation (barcode) Koha item type Sublocation or collection (holding branch)
  2014-11-26  628/PEA/1985Circulation section2023-12-10628PEA1985 1 92024-09-08Central Library, BUET2014-11-2681896General BookCentral Library, BUET
  2014-11-26  628/PEA/1985Circulation section2024-03-16628PEA1985 2 102024-06-02Central Library, BUET2014-11-2681895General BookCentral Library, BUET
  2015-06-18  628/PEA/1985Reading section 628_000000000000000_PEA_1985 3  2015-06-18Central Library, BUET2015-06-1888788Reading ItemCentral Library, BUET
  2015-06-18  628/PEA/1985Reading section 628_000000000000000_PEA_1985 4  2015-06-18Central Library, BUET2015-06-1887579Reading ItemCentral Library, BUET
  2017-10-31  628/PEA/1985Circulation section2020-03-16628_000000000000000_PEA_1985 5 22021-11-13Central Library, BUET1991-10-2881894General BookCentral Library, BUET
  2024-12-01  628 PEA/1985Rental section 628_000000000000000_PEA_1985 ক-৫১  2024-12-01Central Library, BUET1991-10-2881847Rental ItemCentral Library, BUET
  2024-12-01  628 PEA/1985Rental section 628_000000000000000_PEA_1985 ক-৭৮  2024-12-01Central Library, BUET1991-10-2881874Rental ItemCentral Library, BUET
  2024-12-01  628 PEA/1985Rental section 628_000000000000000_PEA_1985 ক-৭৯  2024-12-01Central Library, BUET1991-10-2881875Rental ItemCentral Library, BUET
  2024-12-01  628 PEA/1985Rental section 628_000000000000000_PEA_1985 ক-৮০  2024-12-01Central Library, BUET1991-10-2881876Rental ItemCentral Library, BUET
  2024-12-01  628 PEA/1985Rental section 628_000000000000000_PEA_1985 ক-৮১  2024-12-01Central Library, BUET1991-10-2881877Rental ItemCentral Library, BUET
  2024-12-01  628 PEA/1985Rental section 628_000000000000000_PEA_1985 ক-৮২  2024-12-01Central Library, BUET1991-10-2881878Rental ItemCentral Library, BUET
  2024-12-01  628 PEA/1985Rental section 628_000000000000000_PEA_1985 ক-৮৩  2024-12-01Central Library, BUET1991-10-2881879Rental ItemCentral Library, BUET
  2024-12-01  628 PEA/1985Rental section 628_000000000000000_PEA_1985 ক-৮৪  2024-12-01Central Library, BUET1991-10-2881880Rental ItemCentral Library, BUET
  2024-12-01  628 PEA/1985Rental section 628_000000000000000_PEA_1985 ক-৮৫  2024-12-01Central Library, BUET1991-10-2881881Rental ItemCentral Library, BUET
  2024-12-01  628 PEA/1985Rental section 628_000000000000000_PEA_1985 ক-৮৬  2024-12-01Central Library, BUET1991-10-2881882Rental ItemCentral Library, BUET
  2024-12-01  628 PEA/1985Rental section 628_000000000000000_PEA_1985 ক-৮৭  2024-12-01Central Library, BUET1991-10-2881883Rental ItemCentral Library, BUET
  2024-12-01  628 PEA/1985Rental section 628_000000000000000_PEA_1985 ক-৮৭  2024-12-01Central Library, BUET1991-10-2881884Rental ItemCentral Library, BUET